NFL 2023 Starting Quarterbacks (No Injuries) - Statistics

General Stats
  • This quiz has been taken 32 times
  • The average score is 29 of 32
Answer Stats
Hint Answer % Correct
Viking Kirk Cousins
100%
Cardinals Kyler Murray
100%
Colts Anthony Richardson
95%
Cowboys Dak Prescott
95%
Giants Daniel Jones
95%
Lions Jared Goff
95%
Bengals Joe Burrow
95%
Bills Josh Allen
95%
Ravens Lamar Jackson
95%
Patriots Mac Jones
95%
Rams Matthew Stafford
95%
Chiefs Patrick Mahomes
95%
Jaguars Trevor Lawrence
95%
Jets Aaron Rodgers
90%
49ers Brock Purdy
90%
Texans CJ Stroud
90%
Browns Deshaun Watson
90%
Eagles Jalen Hurts
90%
Packers Jordan Love
90%
Bears Justin Fields
90%
Chargers Justin Herbert
90%
Broncos Russell Wilson
90%
Buccaneers Baker Mayfield
86%
Panthers Bryce Young
86%
Saints Derek Carr
86%
Steelers Kenny Pickett
86%
Titans Ryan Tannehill
86%
Dolphins Tua Tagovailoa
86%
Falcons Desmond Ridder
81%
Seahawks Geno Smith
81%
Raiders Jimmy Garoppolo
76%
Commanders Sam Howell
67%
No matching quizzes found
Score Distribution
Percent of People with Each Score
Percentile by Number Answered
Your Score History
You have not taken this quiz